000 00594nam a2200217 a 4500
001 BRCA_5861
005 20190320205237.0
008 160311s1934----gw-ao#####---#000-0#ger-#
041 _ager
044 _agw
050 4 _aTR650
_b.W65 1934
245 1 0 _aMeine Erfahrungen mit der Leica.
_cPaul von Wolff.
260 _aFrankfurt
_bH. Bechhold
_c1934
300 _a63 p.
_bil., 203 láminas
_c28 cm.
500 _aEdición con cantos negros
500 _aH113
650 1 4 _aFotografía artística
_92547
650 1 4 _aLeica (cámara fotográfica)
_914844
902 _aGFM
942 _2lcc
_cB
999 _c5550
_d5550